000 00284nam a22001337a 4500
020 _a1-8442-2621-2
082 _a425
_bMIL/W
100 _aMILFORD ALISON
245 _aWRITING FOR SCHOOL
260 _aLONDON
_bLADYBIRD
300 _a31
650 _aENGLISH BOOK
_zLONDON
942 _cBK
999 _c1829
_d1829